书目信息 |
| 题名: |
世界语课本
|
|
| 作者: | 祝明义 编 | |
| 分册: | ||
| 出版信息: | 北京 中国报道社出版 1981 |
|
| 页数: | 425页 | |
| 开本: | 19cm | |
| 丛书名: | ||
| 单 册: | ||
| 中图分类: | H91 | |
| 科图分类: | ||
| 主题词: | 世界语 | |
| 电子资源: | ||
| ISBN: | ||
| 000 | 00508nam0 2200193 45 | |
| 001 | 0405091700 | |
| 005 | 20040509173348.5 | |
| 010 | @dCNY1.90 | |
| 100 | @a20040509d1981 km y0chiy0120 ea | |
| 101 | 0 | @achi |
| 105 | @a z 000yy | |
| 200 | 1 | @a世界语课本@AShi Jie Yu Ke Ben@f祝明义编@FZhu Ming Yi Bian |
| 210 | @a北京@c中国报道社出版@d1981 | |
| 215 | @a425页@d19cm | |
| 606 | 0 | @a世界语 |
| 690 | @aH91@v3 | |
| 701 | 0 | @a祝明义@4编 |
| 801 | @aCN@bTSTCL@c20040509 | |
| 905 | @dH91@e7@f2@b161477-478@b102281@f1 | |
| 世界语课本/祝明义编.-北京:中国报道社出版,1981 |
| 425页;19cm |
| ISBN :CNY1.90 |
| ● |
| 相关链接 |
|
|
|
|
正题名:世界语课本
索取号:H91/7
 
预约/预借
| 序号 | 登录号 | 条形码 | 馆藏地/架位号 | 状态 | 备注 |
| 1 | 0102281 | 001169167 | 第四借阅区/ [索取号:H91/7] | 在馆 | |
| 2 | 0102282 | 001169158 | 第二样本阅览室/ [索取号:H91/7] | 在馆 | |
| 3 | 0161477 | 001169194 | 密集书库/ [索取号:H91/7] | 在馆 | |
| 4 | 0161478 | 001169185 | 第四借阅区/ [索取号:H91/7] | 在馆 |